000 00439nam a2200157Ia 4500
005 20250401120938.0
008 231217s9999 xx 000 0 und d
020 _a9788131405604
082 _a338.47664 CHA;1 R
100 _aChakraborty, Amrila ed.
245 0 _aFood processing : opportunities and challenges
260 _c2006
_bT M H
_aNew Delhi
300 _aviii, 248
650 _aFood,processing,opportunities
942 _cAA
999 _c189505
_d189505